Sacrae Theologiae Summa. (Record no. 189771)
[ view plain ]
| 000 -LEADER | |
|---|---|
| campo de control de longitud fija | 00970nam a2200253 i 4500 |
| 001 - NÚMERO DE CONTROL | |
| campo de control | 189771 |
| 003 - IDENTIFICADOR DE NÚMERO DE CONTROL | |
| campo de control | ES-MaACL |
| 005 - FECHA Y HORA DE LA ÚLTIMA TRANSACCIÓN | |
| campo de control | 20251009160652.0 |
| 008 - DATOS DE LONGITUD FIJA--INFORMACIÓN GENERAL | |
| campo de control de longitud fija | 191107s1962 sp |||| | lat d |
| 245 00 - MENCIÓN DEL TÍTULO | |
| Título | Sacrae Theologiae Summa. |
| Número de parte o sección de la obra | IV / |
| Mención de responsabilidad, etc. | auctoribus Iosepho A. de Aldama...[et al.]. |
| 250 ## - MENCION DE EDICION | |
| Mención de edición | 4ª editio. |
| 260 ## - PUBLICACIÓN, DISTRIBUCIÓN, ETC. | |
| Lugar de publicación, distribución, etc. | Matriti : |
| Nombre del editor, distribuidor, etc. | La Editorial Católica, |
| Fecha de publicación, distribución, etc. | 1962. |
| 300 ## - DESCRIPCIÓN FÍSICA | |
| Extensión | XXIV, 1064 p. ; |
| Dimensiones | 20 cm. |
| 490 1# - MENCIÓN DE SERIE | |
| Mención de serie | Biblioteca de autores cristianos ; |
| Designación de volumen o secuencia | 73 |
| 505 8# - NOTA DE CONTENIDO CON FORMATO | |
| Nota de contenido con formato | Contiene : De sacramentis ; De novissimis |
| 546 ## - NOTA DE IDIOMA | |
| Nota de lengua/lenguaje | Texto en latín. |
| 594 ## - Nota al título y mención de responsabilidad | |
| Nota al título y mención de responsabilidad | En anteport. : Patres Societatis Iesu Facultatum Theologicarum in Hispania Profesores. |
| 594 ## - Nota al título y mención de responsabilidad | |
| Nota al título y mención de responsabilidad | En anteport. : Iuxta Constitutionem Apostolicam "Deus scientiarum Dominus" |
| 650 07 - PUNTO DE ACCESO ADICIONAL DE MATERIA--TÉRMINO DE MATERIA | |
| Término de materia o nombre geográfico como elemento de entrada | Teología |
| Fuente del encabezamiento o término | embne |
| 9 (RLIN) | 17457 |
| 700 1# - ENTRADA AGREGADA--NOMBRE PERSONAL | |
| Nombre de persona | Aldama, José Antonio de, |
| Fechas asociadas al nombre | 1903-1980 |
| 9 (RLIN) | 19598 |
| 830 00 - PUNTO DE ACCESO ADICIONAL DE SERIE-TÍTULO UNIFORME | |
| Título uniforme | Biblioteca de autores cristianos |
| Designación de volumen o secuencia | 73 |
| 9 (RLIN) | 178679 |
| 852 ## - LOCALIZACIÓN | |
| Ubicación | ES-MaACL |
| Número de control de estantería | P-1034-bis |
| Estatus retirado | Estado de pérdida | Estado de daño | No para préstamo | Biblioteca de origen | Biblioteca actual | Ubicación en estantería | Fecha de adquisición | Fuente de adquisición | Total de préstamos | Signatura topográfica completa | Código de barras | Visto por última vez | Precio de reemplazo | Tipo de ítem Koha |
|---|---|---|---|---|---|---|---|---|---|---|---|---|---|---|
| Biblioteca del Ateneo de Madrid | Biblioteca del Ateneo de Madrid | Depósito 2 | 07/11/2019 | P-1034-bis | 1201233 | 23/02/2023 | 23/02/2023 | Libro impreso |
